00747nam a22001937a 4500003000500000005001700005008004100022010001000063011001000073035001000083040000900093110007800102245014600180260009300326300002900419500004800448650002600496650003100522CHAP20220329142743.0030603d2002 mx d r 00110 spa d a87289 a88261 a98806 cCHAP0 aMéxico. Servicio Nacional de Inspección y Certificación de Semillas10aCatálogo nacional de variedades factibles de certificación (C.V.C.)c/por Servicio Nacional de Inspección y Certificación de Semillas aMéxico, D.F. :bServicio Nacional de Inspección y Certificación de Semillas,c200- av. :bgráfs. ; cuadros aLa biblioteca tiene: 2002, 2004, 2005, 200814aCultivosxVariedades.14aSemillasxCertificación.